000
00294nam a2200109Ia 4500
001
588980
005
20250717120840.0
008
250717s9999 xx 000 0 und d
245
0
_a
U-9 BİLALİ HABEŞİ
_c
AMİNE KEVSER KARACA
260
_b
TÜRKİYE DİYANET VAKFI YAYINLARI
_c
2020
300
_b
14
999
_c
588980
_d
588980